| 000 | 01377dam0a2200301 i 4500 | ||
|---|---|---|---|
| 001 | RU\NLR\bibl\552243 | ||
| 005 | 20241213170440.0 | ||
| 021 |
_aRU _b2004-13603п _9574 |
||
| 035 | _a(NLR Aleph) 000544414 | ||
| 090 |
_a13279969 _c13279969 |
||
| 100 | _a20040914d2004 u y0rusy50 ca | ||
| 101 | 0 | _arus | |
| 102 | _aRU | ||
| 105 | _ay ||||||||| | ||
| 200 | 1 | _aНекоммерческие организации: правовое регулирование, бухгалтерский и налоговый учет | |
| 210 |
_aМ. _cИнформцентр ХХI в. _d2004 |
||
| 215 |
_a314,[1] с. _d20 |
||
| 225 | 1 |
_aПрактические рекомендации для бухгалтера и руководителя _eАльм. _x1683-4526 _vВып. 6(18) |
|
| 606 | 0 |
_aНекоммерческие организации _xДеятельность _xПравовое регулирование _yРоссийская Федерация _92151172 _3RU\NLR\auth\661295471 |
|
| 606 | 0 |
_aНекоммерческие организации _xБухгалтерский учет _yРоссийская Федерация _92280900 _3RU\NLR\auth\661366568 |
|
| 686 | _aХ623.012.3 | ||
| 686 | _aУ052.9(2)229 | ||
| 801 | 0 |
_aRU _bNLR _c20040914 _gPSBO |
|
| 801 | 1 |
_aRU _bNLR _c20040914 |
|
| 852 |
_aNLR _jП22/7946 |
||
| 942 | _cBOOK | ||